000 01018nac a22002771u 4500
010 _a 2006281484
020 _a0745325157 (hardback)
020 _a0745325149 (paperback)
035 _a(OCoLC)ocm71330606
082 0 0 _a297.27
_bSAR
090 _c8433
_d8433
100 _aSardar, Ziauddin.
245 1 0 _aHow do you know? :
_breading Ziauddin Sardar on Islam, science and cultural relations /
_cZiauddin Sardar ; introduced and edited by Ehsan Masood.
260 _aLondon ;
_aAnn Arbor :
_bPluto Press,C.2006.
_cC.2006.
300 _a349 p. ;
_c22 cm.
500 _aIncludes index.
500 _aDistributer: Al-Ahram.
511 _aCatalogued By: Mahitab.
650 0 _aIslam
_y21st century.
650 0 _aIslam and world politics.
650 0 _aIslam and science.
650 0 _aReligion and politics.
700 1 _aMasood, Ehsan.
856 4 2 _3Publisher description
_uhttp://www.loc.gov/catdir/enhancements/fy0812/2006281484-d.html
942 _cBB
_k297.27SAR
999 _c8433
_d8433